| 000 | 00652nam a22001577a 4500 | ||
|---|---|---|---|
| 003 | LK-CoDNM | ||
| 005 | 20240911093935.0 | ||
| 008 | 240827b |||||||| |||| 00| 0 eng d | ||
| 040 |
_aLK-CoDNM _dLK-CoDNM _eLK-CoDNM |
||
| 041 | _hSinhala,English ,Tamil | ||
| 080 | _bGP1973 | ||
| 245 |
_aපළමුවැනි ජාතික රාජ්ය සභාව පාර්ලිමේන්තුව ප්රකාශන මාලා 1969-70රජයේ ගිණුම් කාරක සභාව (4වැනි වාර්තාව ) _bඅංක 12 |
||
| 260 |
_aColombo _bGovernment printers _c1973 |
||
| 300 | _b62p. ; 24 cm | ||
| 942 | _cBK | ||
| 999 |
_c149471 _d149471 |
||